Sports Quiz

Random Sports or Hockey Quiz
Score 0/50 Timer 06:00
0 Plays Today
Team (Year) Player % Correct
WSH (2015)Alex Ovechkin
99.3%
WSH (2019)Alex Ovechkin
99.3%
WSH (2014)Alex Ovechkin
99.3%
PIT (2010)Sidney Crosby
99.3%
WSH (2016)Alex Ovechkin
99.3%
WSH (2010)Alex Ovechkin
99.3%
WSH (2018)Alex Ovechkin
99.3%
PIT (2017)Sidney Crosby
99.3%
PIT (2012)Evgeni Malkin
98.6%
PIT (2018)Evgeni Malkin
98.6%
TBL (2012)Steven Stamkos
98%
TBL (2010)Steven Stamkos
98%
CHI (2016)Patrick Kane
98%
TBL (2019)Steven Stamkos
98%
TBL (2011)Steven Stamkos
98%
CHI (2019)Patrick Kane
98%
TBL (2015)Steven Stamkos
98%
EDM (2019)Connor McDavid
98%
EDM (2018)Connor McDavid
98%
TBL (2019)Nikita Kucherov
97.3%
TBL (2017)Nikita Kucherov
97.3%
TOR (2019)John Tavares
96.6%
EDM (2019)Leon Draisaitl
95.3%
TOR (2017)Auston Matthews
95.3%
ANA (2011)Corey Perry
94.6%
Team (Year) Player % Correct
ANA (2014)Corey Perry
94.6%
VAN (2011)Daniel Sedin
94.6%
WPG (2018)Patrik Laine
93.9%
DAL (2016)Jamie Benn
93.2%
VGK (2018)William Karlsson
91.9%
DAL (2018)Tyler Seguin
91.9%
COL (2019)Nathan MacKinnon
90.5%
SJS (2014)Joe Pavelski
88.5%
CGY (2011)Jarome Iginla
87.8%
SJS (2010)Patrick Marleau
87.2%
STL (2016)Vladimir Tarasenko
86.5%
TBL (2019)Brayden Point
83.8%
MIN (2018)Eric Staal
83.1%
CHI (2019)Alex DeBrincat
83.1%
NYI (2018)Anders Lee
79.7%
NYR (2015)Rick Nash
79.1%
BUF (2019)Jeff Skinner
78.4%
PIT (2019)Jake Guentzel
77.7%
CBJ (2019)Cam Atkinson
76.4%
VAN (2011)Ryan Kesler
70.9%
PIT (2012)James Neal
68.9%
WSH (2010)Alexander Semin
64.2%
NYR (2010)Marian Gaborik
61.5%
NYR (2012)Marian Gaborik
61.5%
ATL/NJD (2010)Ilya Kovalchuk
36.5%
Remove Ads.
Support Sporcle.
Get the best of Sporcle when you Go Orange. This ad-free experience offers more features, more stats, and more fun while also helping to support Sporcle. Thank you for becoming a member.

You're not logged in!

Compare scores with friends on all Sporcle quizzes.
OR
Log In

Sporcle TV

Today on Sporcle TV


Watch our educational content, quiz creation guides, and fun videos on Sporcle TV.

Show Comments

Extras

Top Quizzes Today


Score Distribution

Paid Content

Your Account Isn't Verified!

In order to create a playlist on Sporcle, you need to verify the email address you used during registration. Go to your Sporcle Settings to finish the process.

Report this User

Report this user for behavior that violates our Community Guidelines.

Details: